Indústria cultural e sociedade /

Guardado en:
Autor Principal: Adorno, Theodor W.
Formato: Libro
Publicado: Sao Paulo : Paz e Terra, 2009
Edición:5a. ed.
Materias:
Etiquetas: Agregar Etiqueta
Sin Etiquetas, Sea el primero en etiquetar este registro!
LEADER 00585nam a22002175a 4500
001 CEM.cems014074
008 130507s2009##################000#0#####d
005 20210705085815.0
003 CEMS
245 1 0 |a Indústria cultural e sociedade /  |c Theodor W. Adorno 
250 |a 5a. ed. 
260 |a Sao Paulo :  |b Paz e Terra,  |c 2009 
300 |a 71 p. 
500 |a Texto en portugues. 
590 |a 1033.013 
100 1 |a Adorno, Theodor W. 
653 |a Sociología 
653 |a Cultura 
653 |a Industria 
653 |a Biblioteca TC 
859 |a CEMS  |b BIB. CEMS - 11 de abril  |h TC  |p 1033.013  |t Ej.1